El amor cortés o la pareja infernal / trad. por manuel serrat crespo

Guardado en:
Autor Principal: Markale, Jean
Otros Autores: Serrat Crespo, Manuel, trad.
Formato: Libro
Publicado: Barcelona : Medievalia, 1998
Materias:
Etiquetas: Agregar Etiqueta
Sin Etiquetas, Sea el primero en etiquetar este registro!
LEADER 00654nam a22002055a 4500
001 EHU.bham044397
003 AR-BHAM
005 20161114115016.0
008 130507s1998##################000#0#####d
020 |a 8476516991 
082 3 0 |a 306.7 
100 1 |a Markale, Jean 
245 1 0 |a El amor cortés o la pareja infernal /  |b trad. por manuel serrat crespo  |c  Jean Markale : 
260 |a Barcelona :  |b Medievalia,  |c 1998 
300 |a 256 p. 
653 |a Edad media-sociedad 
653 |a Amor cortés-estudios sobre 
653 |a Edad media-cristianismo 
700 1 |a Serrat Crespo, Manuel, trad. 
859 |a AR-BHAM  |b BIB. HUMANIDADES - General  |h 306.7  |i M34  |p 657.16  |t Ej.1